| 000 | 00821cab a2200253 4500 | ||
|---|---|---|---|
| 001 | WB3315-13 | ||
| 008 | 090401t1997 xxu||||| |||| 00| 0 eng d | ||
| 035 | _a(Sirsi) u77758 | ||
| 041 | _aeng | ||
| 245 | 2 | _aA house in the country | |
| 260 | _c1997 | ||
| 350 | _a0 | ||
| 490 |
_aFinancial Times _vWeekend 12/13 April 1997,14(1) |
||
| 520 | _aPlanning permission for new homes in the countryside is now possible provided they are of outstanding quality. Considers policy set out in "The Countryside-Environmental Quality and Economic and Social Development" PPG7. | ||
| 650 | _aCOUNTRY HOUSES | ||
| 650 | _aFARM SHOPS | ||
| 650 | _aPERMITTED DEVELOPMENT | ||
| 650 | _aPLANNING POLICY | ||
| 650 | _aPPG7 | ||
| 650 | _aRURAL PLANNING | ||
| 690 | _aHOUSING-DEVELOPMENT | ||
| 942 | _n0 | ||
| 948 | _c16/04/1997 | ||
| 999 |
_c48878 _d48878 |
||